00783nam a22001937a 450000500170000001000150001702000260003203500130005803700130007110000150008424501420009925000110024126000460025227001020029830000260040094200170042699900170044395201290046020130710160335.0 aENG-107939 c450.00a9789350353028 aEN-91472 bDBAD/PUB aGupta,S.N.00aDishonour of cheques :cby S.N. GuptabLiability-Civil & Criminal with case law ready refrencer and model forms of notice and complaint / a7th ed aDelhibUniversal Law Publishing Co.c2013 aC-FF-1A, Dilkhus Industrial Estate, (Near Azadpur Metro Station) G.T. Karnal Road,bDelhie110033 aliii,416p.c24cm(pbk) 2ddccENmGUP c77378d77378 001040718NFICaDBADbDBADd2013-07-10eDBAD/PUBg450.00l0oGUPpEN-91472r2013-07-10 00:00:00t1v450.00w2013-07-10yEN